• 首页
  • 本馆介绍
  • 公告通知
  • 最新文献
  • 馆藏检索
  • 电子资源
  • 读者导购
  • 参考咨询
  • 我的图书馆
  • 登录
  • 详细信息显示
  • 放入我的书架
  • 预约/预借图书
  • 作者相关作品
  • 分类相关作品
  • 丛书相关作品
  • 出版社相关作品

书目信息

  • 表格格式
  • 工作单格式
  • 卡片格式
题名:
中国少数民族节日
    
 
作者: 丹增 编著
分册:  
出版信息: 北京   中国画报出版社  2004
页数: 158页
开本: 20cm
丛书名: 二十一世纪中国少数民族系列丛书
单 册:
中图分类: K892.1
科图分类:
主题词: 少数民族 , 民族节日 , 少数民族--民族节日--中国
电子资源:
ISBN: 7-80024-695-7
000 00973oam2 2200289 450
001 002587174
005 20061101104002.07
010    @a7-80024-695-7@dCNY23.50
100    @a20040225d2004 em y0chiy0110 ea
101 0  @achi
102    @aCN@b110000
105    @aa z 000yy
200 1  @a中国少数民族节日@9zhong guo shao shu min zu jie ri@f丹增编著
210    @a北京@c中国画报出版社@d2004
215    @a158页@c照片@d20cm
225 2  @a二十一世纪中国少数民族系列丛书@v5
304    @a中国人民共和国国家民族事务委员会政法司
330    @a本书介绍了我国55个少数民族的节日。具体介绍了节日的产生、形成,真正的文化内涵,民族服饰等。
461  0 @12001 @a二十一世纪中国少数民族系列丛书@v5
510 1  @aFestivals of the Ethnic Groups in China@zeng
606 0  @a少数民族
606 0  @a民族节日
606 0  @a少数民族@x民族节日@y中国
690    @aK892.1@v4
701  0 @c(藏)@a丹增@9dan zeng@f(1946.12~)@4编著
801  0 @aCN@bNLC@c20061101
905    @a10447@dK892.1@e109
    
    中国少数民族节日/丹增编著.-北京:中国画报出版社,2004
    158页:照片;20cm.-(二十一世纪中国少数民族系列丛书;5)
    
    
    ISBN 7-80024-695-7:CNY23.50
    本书介绍了我国55个少数民族的节日。具体介绍了节日的产生、形成,真正的文化内涵,民族服饰等。
●
相关链接 在E读中查询图书 在五车中查询图书 在当当中查询图书 在豆瓣中查询图书


正题名:中国少数民族节日     索取号:K892.1/109         预约/预借

序号 登录号 条形码 馆藏地/架位号 状态 备注
1 0386576   203865763   第二样本阅览室/ [索取号:K892.1/109] 在馆    
2 0386577   203865772   第二借阅区/ [索取号:K892.1/109] 在馆    
3 0386578   203865781   第二借阅区/ [索取号:K892.1/109] 在馆    
4 0386579   203865790   第二借阅区/ [索取号:K892.1/109] 在馆    
5 0386580   203865807   第二借阅区/ [索取号:K892.1/109] 在馆    
唐山师范学院图书馆 欢迎您!
大连网信软件有限公司© 版权所有